| 000 | 00712nam a2200229 a 4500 | ||
|---|---|---|---|
| 001 | 57001 | ||
| 003 | BD-RjUL | ||
| 005 | 20211209080446.0 | ||
| 008 | 161205r19651935pk ||||| |||| 00| 0 eng d | ||
| 035 | _a(BD-RjUL) 57125 | ||
| 040 |
_aBD-RjUL _beng _cBD-RjUL |
||
| 041 | _aeng | ||
| 082 |
_223 _a297.1 _bGAS 1965 |
||
| 100 | 1 | 0 |
_aGazur-i-Ilahi, Muhammad Ibrahim _9169388 |
| 245 | 1 | 0 |
_aThe secret of Ana'l-haqq : _bbeing 300 odd irshādāt (or sayings) or Shaykh Ibrāhīm Gazur-i-Ilahi./ |
| 250 | _a2nd ed. | ||
| 260 |
_aLahore : _bSh. Muhammad Ashraf , _c1935 [Reprintng 1965] |
||
| 300 |
_axxxiv, 167 p. ; _c 22 cm |
||
| 650 |
_aIslam _9169389 |
||
| 650 |
_a Islam -- Miscellanea. _9169390 |
||
| 942 |
_2ddc _cBK |
||
| 999 |
_c57001 _d57001 |
||